| 000 | 00758nam a2200181Ia 4500 | ||
|---|---|---|---|
| 008 | 151018s9999 xx 000 0 und d | ||
| 082 |
_bRBASDV45234 _a891.433 |
||
| 100 | _aव्यासमनी त्रिपाठी | ||
| 245 | _aअंदमान तथा निकोबार लोककथाए | ||
| 250 | _b1 | ||
| 260 |
_bसाहित्य अकादेमी मुंबई _c2007 |
||
| 300 | _a132 | ||
| 600 | _aव्यासमनी त्रिपाठी | ||
| 630 | _aअंदमान तथा निकोबार लोककथाए | ||
| 700 | _aव्यासमनी त्रिपाठी | ||
| 730 | _aअंदमान तथा निकोबार लोककथाए | ||
| 942 | _cBOOK | ||
| 999 |
_c1044422 _d1044419 |
||